000 00442nam a22001457a 4500
005 20250311104425.0
008 250311b |||||||| |||| 00| 0 eng d
020 _a9781400073733
050 _aHQ 755.8 R 86 RUN
_b1
100 _aRUNKEL, HAL Edward
245 _ascreamfree parenting:
_bthe revolutionary approach to raising your kids by keeping your cool
260 _aColorado
_bWaterBrook press
_c2007
300 _a237p
942 _2lcc
_cBK
_n0
999 _c4685
_d4685